Las siete tragedias de eschylo /
Guardado en:
| Autor Principal: | |
|---|---|
| Formato: | Libro |
| Publicado: |
España :
Hernando,
1899
|
| Series: | Bibl. Cl sica1
|
| Etiquetas: |
Agregar Etiqueta
Sin Etiquetas, Sea el primero en etiquetar este registro!
|
| LEADER | 00424nam a22001575a 4500 | ||
|---|---|---|---|
| 001 | CEM.cems002330 | ||
| 005 | 20060216000000.0 | ||
| 008 | 130507s1899##################000#0#####d | ||
| 003 | CEMS | ||
| 082 | 0 | 4 | |a 882 |
| 100 | 1 | |a Esquilo | |
| 245 | 1 | 0 | |a Las siete tragedias de eschylo / |c Esquilo |
| 260 | |a España : |b Hernando, |c 1899 | ||
| 300 | |a 519 p. | ||
| 490 | 0 | |a Bibl. Cl sica1 | |
| 859 | |a CEMS |b BIB. CEMS - 11 de abril |h 882 |i Es68 |p 5637.76 |t Ej.1 | ||
